| 000 | 00675nam a2200193 a 4500 | ||
|---|---|---|---|
| 005 | 20210219160401.0 | ||
| 008 | 081028s1986 mx r 000 0 spa d | ||
| 035 | _aUPN01000164484 | ||
| 049 | _aUNE | ||
| 080 | _a37.017.7 (100) "1986" VIC 2ejem. | ||
| 100 | 1 | _aVickers, Jeanne | |
| 245 | 1 | 0 |
_aComo actuar juntos en favor de la educación para la comprensión internacional : _bparticipando en el plan de escuelas asociadas de la Unesco : manual práctico / _cJeanne Vickers. |
| 260 |
_aParís : _bUNESCO, _c1986. |
||
| 300 | _a51 p. | ||
| 690 | _aEscuela asociada (UNESCO) | ||
| 690 | _aComprension internacional | ||
| 690 | _aEducacion para la paz | ||
| 905 | _aUNESCO | ||
| 999 |
_c136596 _d136596 |
||